| 000 | 00504nam a22001697a 4500 | ||
|---|---|---|---|
| 008 | 130821s1992 fr gr fre | ||
| 040 |
_aCo-BoUCM _bspa |
||
| 041 | 0 | 0 | _afre |
| 100 |
_aRoger, Noelle _9149976 |
||
| 245 | 0 | 0 |
_aLe nouveau déluge _cNoelle Roger |
| 260 |
_aParís (Francia) _bCalmann-Lévy _c1992 |
||
| 300 | _a308 páginas | ||
| 500 | _aIncluye índice | ||
| 650 | 0 | 4 |
_aNovela francesa _920506 |
| 942 |
_cLIBRO _a18 _e1 _mR64 _n0 _2DEWEY _h843 |
||
| 999 |
_c86517 _d86517 |
||